Cơ sở văn hoá Việt Nam /

Guardado en:
Detalles Bibliográficos
Otros Autores: Lâm Mỹ Dung, Nguyễn Chí Bền, Tô Ngọc Thanh, Trần Quốc Vượng (chủ biên), Trần Thuý Anh
Formato: Sách giấy
Lenguaje:Vietnamese
Publicado: H. : Giáo dục, 2003
Edición:Tái bản lần thứ năm
Materias:
Etiquetas: Agregar Etiqueta
Sin Etiquetas, Sea el primero en etiquetar este registro!
Thư viện lưu trữ: Thư viện Trường Đại học Đà Lạt
LEADER 00961nam a2200349 4500
001 DLU060052446
005 ##20060419
040 # # |a DLU  |b vie 
041 # # |a vie 
044 # # |a vn 
082 # # |a 306.089 959 2  |b Cos 
245 # # |a Cơ sở văn hoá Việt Nam /  |c Trần Quốc Vượng chủ biên, ... [và những người khác] 
250 # # |a Tái bản lần thứ năm 
260 # # |a H. :  |b Giáo dục,  |c 2003 
300 # # |a 288 tr. ;  |c 21 cm 
504 # # |a Tài liệu tham khảo :tr.284 - 287 
651 # # |a Việt Nam  |x Văn hoá  |v Giáo trình. 
700 # # |a Lâm Mỹ Dung 
700 # # |a Nguyễn Chí Bền 
700 # # |a Tô Ngọc Thanh 
700 # # |a Trần Quốc Vượng  |e chủ biên 
700 # # |a Trần Thuý Anh 
923 # # |a 03/2006 
992 # # |a 17.400 
994 # # |a DLU 
900 # # |a True 
911 # # |a Đào Thị Thu Huyền 
925 # # |a G 
926 # # |a A 
927 # # |a SH 
980 # # |a Thư viện Trường Đại học Đà Lạt